| 000 | 00889nam a22001577a 4500 | ||
|---|---|---|---|
| 003 | OSt | ||
| 005 | 20150928154825.0 | ||
| 008 | 150928b xxu||||| |||| 00| 0 eng d | ||
| 040 | _cRUA | ||
| 082 | _aATM.Sp LON 2003 B059 Or.1 | ||
| 100 |
_91498 _aLONG, SOPHARY. |
||
| 245 | _aBoll worm on tomato and control measure by spinosad and decis in Peri-urban agricultural center kompong speu province, ការបំផ្លាញរបស់ដង្កូវចោះផ្លែលើដំណាំប៉េងប៉ោះ និងវិធានការកំចាត់ដោយប្រើថ្នាំស្ពីណូសាដ និងដេស៊ីសក្នុងលក្ខខ័ណ្ឌមជ្ឈមណ្ឌលកសិកម្មខេត្តកំពង់ស្ពឺ | ||
| 260 |
_aPhnom Penh _bRUA _c2003 |
||
| 300 |
_a51p. _bill. _c29cm. |
||
| 942 |
_2ddc _cATMSP |
||
| 999 |
_c1409 _d1409 |
||